Slide to me by Yunho - ATEEZ - Statistics

General Stats
  • This quiz has been taken 10 times
  • The average score is 120 of 168
Answer Stats
Hint Answer % Correct
for
100%
i
100%
me
100%
the
100%
to
100%
touch
100%
dont
88%
it
88%
need
88%
no
88%
slide
88%
slow
88%
stop
88%
across
75%
baby
75%
come
75%
floor
75%
ill
75%
just
75%
know
75%
mind
75%
my
75%
on
75%
(YH) sonkkeute daeul deuthan ginjanggam take
75%
you
75%
another
63%
dance?
63%
dAnce
63%
feel
63%
give
63%
got
63%
make
63%
more
63%
amureochido anke moving
63%
jogeum deo gakkai jeonyul sok geochin chumeul chweo shall
63%
sign
63%
ne nune damgin galjeungeul da neukkyeo nan so
63%
way
63%
we
63%
what
63%
words
63%
jiruhal teumdo eopge bodys
50%
can
50%
close
50%
crave
50%
drowned
50%
hey
50%
hold
50%
keep
50%
line
50%
show
50%
smooth
50%
talkin
50%
tight
50%
want
50%
and
38%
girl
38%
oh
38%
lady
25%
lie
25%
gyeolmareul algo inneun neowa na
deo hetgallil geot hana eopseo oneul bam
uiminhan gamgagi noraereul bulleo
bamsae gadeukhi
repeat
25%
*cool instremental* moves
13%
talking
13%
No matching quizzes found
Score Distribution
Percent of People with Each Score
Percentile by Number Answered
Your Score History
You have not taken this quiz